| 000 | 01342cam a22004213a 4500 | ||
|---|---|---|---|
| 001 | 15326666 | ||
| 003 | OSt | ||
| 005 | 20140310181953.0 | ||
| 008 | 910222s1991 nyua j 000 1 eng d | ||
| 010 | _a 2008571975 | ||
| 020 |
_a0553158503 _c$2.75 ($3.25 Can.) |
||
| 020 | _a9780553158502 | ||
| 035 | _a(OCoLC)ocm23138268 | ||
| 035 | _a(OCoLC)23138268 | ||
| 040 |
_aORL _cORL _dOHI _dBTCTA _dBAKER _dYDXCP _dDLC |
||
| 042 | _alccopycat | ||
| 050 | 0 | 0 |
_aPZ 7 _b.St849 1991 |
| 082 |
_aKF _bSt4sv #16 |
||
| 100 | 1 |
_aStewart, Molly Mia. _93765 |
|
| 245 | 1 | 0 |
_aJessica the TV star / _cMolly Mia Stewart. |
| 260 |
_aNew York : _bBantam Books, _cc1991. |
||
| 300 |
_a71 p. : _bill. ; _c20 cm. |
||
| 440 | 0 |
_aSweet Valley Kids ; _v#16 _94502 |
|
| 490 | 0 | _aA Bantam Skylark book | |
| 541 | _j1 | ||
| 541 | _j2 | ||
| 541 | _j3 | ||
| 562 | _e3 | ||
| 650 |
_aTwins stories. _94503 |
||
| 655 | 7 |
_aChildren's stories. _2lcsh _93012 |
|
| 700 | 1 |
_aPascal, Francine. _93767 |
|
| 700 | 1 |
_aHu, Ying-Hwa. _93768 |
|
| 710 | 2 |
_aCopyright Paperback Collection (Library of Congress) _5DLC _9705 |
|
| 856 | 4 | 2 |
_3Publisher description _uhttp://www.loc.gov/catdir/enhancements/fy0838/2008571975-d.html |
| 906 |
_a7 _bcbc _ccopycat _d2 _encip _f20 _gy-genrareb |
||
| 942 |
_2lcc _cBK-KF _kKF |
||
| 999 |
_c7902 _d7902 |
||